| 000 | 00879nam a2200289 i 4500 | ||
|---|---|---|---|
| 001 | 1325382 | ||
| 003 | OSt | ||
| 005 | 20230620131729.0 | ||
| 008 | 780802s1977 enk bs 001 0 eng | ||
| 010 | _a 78309634 | ||
| 015 | _aGB*** | ||
| 020 |
_a0333214935 : _c£17.50 |
||
| 040 |
_aDLC _cDLC _dDLC |
||
| 043 | _ae-uk--- | ||
| 050 | 0 | 0 |
_aJN945 _b.M54 1977 |
| 082 | 0 | 0 |
_a324/.2 _bMIL |
| 100 | 1 |
_aMiller, William Lockley, _d1943- |
|
| 245 | 1 | 0 |
_aElectoral dynamics in Britain since 1918 / _cWilliam L. Miller. |
| 260 |
_aLondon : _bMacmillan, _c1977. |
||
| 300 |
_axiv, 242 p. ; _c25 cm. |
||
| 504 | _aIncludes bibliographical references and index. | ||
| 650 | 0 |
_aElections _zGreat Britain. |
|
| 650 | 0 |
_aVoting _zGreat Britain. |
|
| 651 | 0 |
_aGreat Britain _xPolitics and government _y20th century. |
|
| 906 |
_a7 _bcbc _corignew _d3 _encip _f19 _gy-gencatlg |
||
| 942 |
_2ddc _cBK |
||
| 999 |
_c1720 _d1720 |
||